Central Library OPAC University of Rajshahi

International classification of financial reporting / (Record no. 42964)

MARC details
000 -LEADER
fixed length control field 00889nam a22002891 4500
001 - CONTROL NUMBER
control field 42964
003 - CONTROL NUMBER IDENTIFIER
rucl marc code BD-RjUL
005 - DATE AND TIME OF LATEST TRANSACTION
control field 20211209053625.0
008 - FIXED-LENGTH DATA ELEMENTS--GENERAL INFORMATION
fixed length control field 190403s1984 enk 000 0 eng d
020 ## - INTERNATIONAL STANDARD BOOK NUMBER
International Standard Book Number 0709918178
035 ## - SYSTEM CONTROL NUMBER
System control number (BD-RjUl)43082
040 ## - CATALOGING SOURCE
Original cataloging agency BD-RjUL
Language of cataloging eng
Transcribing agency BD-RjUL
041 ## - LANGUAGE CODE
Language code of text/sound track or separate title eng
082 ## - DEWEY DECIMAL CLASSIFICATION NUMBER
Edition number 23
Classification number 657.3
Author mark and year NOI
092 ## - LOCALLY ASSIGNED DEWEY CALL NUMBER (OCLC)
Classification number D0500743773
100 1# - MAIN ENTRY--PERSONAL NAME
Personal name Nobes, Christopher.
9 (RLIN) 175760
245 10 - TITLE STATEMENT
Title International classification of financial reporting /
Statement of responsibility, etc. Christopher Nobes
260 ## - PUBLICATION, DISTRIBUTION, ETC. (IMPRINT)
Place of publication, distribution, etc. London :
Name of publisher, distributor, etc. Croom Helm,
Date of publication, distribution, etc. 1984
300 ## - PHYSICAL DESCRIPTION
Pagination vii, 144 p ;
Size 23 cm
500 ## - GENERAL NOTE
General note Bibliography: p101-104. - Includes index
650 #0 - SUBJECT ADDED ENTRY--TOPICAL TERM
Topical term or geographic name as entry element Financial statements
9 (RLIN) 230036
Topical term or geographic name as entry element Comparative accounting
9 (RLIN) 230037
830 #0 - SERIES ADDED ENTRY--UNIFORM TITLE
Uniform title Croom Helm series on international accounting and finance
942 ## - ADDED ENTRY ELEMENTS (KOHA)
Source of classification or shelving scheme Dewey Decimal Classification
Koha item type Books
Holdings
Lost status Source of classification or shelving scheme Damaged status Not for loan Collection code Permanent Location Current Location Shelving location Date acquired Source of acquisition Cost, normal purchase price Total Checkouts Full call number Date last seen Copy number Koha item type
  Dewey Decimal Classification   Not For Loan Non-fiction Central Library, University of Rajshahi Central Library, University of Rajshahi Reading Room 01/10/1988 I.D.A.Credit 25.00   657.3 NOI 03/04/2019 C-1 Books
  Dewey Decimal Classification     Non-fiction Central Library, University of Rajshahi Central Library, University of Rajshahi   01/10/1988 I.D.A.Credit 25.00   657.3 NOI 03/04/2019 C-2 Books
  Dewey Decimal Classification     Non-fiction Central Library, University of Rajshahi Central Library, University of Rajshahi   01/10/1988 I.D.A.Credit 25.00   657.3 NOI 03/04/2019 C-3 Books